[Event "Heusenstamm Schloss op"]
[Site "Heusenstamm"]
[Date "2023.11.26"]
[Round "7"]
[White "Kulenovic, Adnan"]
[Black "Arne, Jonas"]
[Result "1-0"]
[WhiteElo "1907"]
[BlackElo "1432"]
[PlyCount "116"]
[EventDate "2023.11.23"]
[EventType "swiss"]
[EventRounds "7"]
[EventCountry "GER"]
[SourceTitle "CB50_2023"]
[SourceDate "2023.12.13"]
[SourceVersion "1"]
[SourceVersionDate "2023.12.13"]
[SourceQuality "1"]

1. c4 b6 2. e4 Bb7 3. Nc3 c5 4. Nf3 Nc6 5. g3 g6 6. Bg2 Bg7 7. 0-0 e6 8. a3 a6 9. d3 Nge7 10. Bg5 h6 11. Be3 0-0 12. d4 cxd4 13. Nxd4 Rc8 14. Nxc6 Nxc6 15. Qd2 Na5 16. Rad1 Nxc4 17. Qxd7 Nxe3 18. fxe3 Qxd7 19. Rxd7 Ba8 20. Rd3 Bxc3 21. bxc3 Rc4 22. Rb1 b5 23. Rb4 Rfc8 24. Rxc4 bxc4 25. Rd4 e5 26. Rd6 Bc6 27. Bf1 Bb5 28. Rd5 f6 29. Bh3 Rc6 30. a4 Rb6 31. axb5 axb5 32. Bd7 b4 33. cxb4 Rxb4 34. Rc5 c3 35. Rxc3 Rxe4 36. Be6+ Kg7 37. Kf2 f5 38. Rc4 Rxc4 39. Bxc4 Kf6 40. h4 e4 41. Ke2 g5 42. Kf2 Ke5 43. hxg5 hxg5 44. Ba6 Ke6 45. Ke2 Ke5 46. Kd2 f4 47. g4 Kd5 48. Bb5 Kc5 49. Be2 Kd5 50. Bd1 Kc4 51. Bc2 Kd5 52. Bb3+ Kd6 53. Bc4 Ke5 54. Be2 Kd6 55. Kc3 Kd5 56. Bf1 Ke5 57. Kc4 fxe3 58. Be2 Kf4 1-0

[Event "Heusenstamm Schloss op"]
[Site "Heusenstamm"]
[Date "2023.11.24"]
[Round "2"]
[White "Arne, Jonas"]
[Black "Kalepky, Helmut"]
[Result "1/2-1/2"]
[WhiteElo "1432"]
[BlackElo "1912"]
[PlyCount "89"]
[EventDate "2023.11.23"]
[EventType "swiss"]
[EventRounds "7"]
[EventCountry "GER"]
[SourceTitle "CB50_2023"]
[SourceDate "2023.12.13"]
[SourceVersion "1"]
[SourceVersionDate "2023.12.13"]
[SourceQuality "1"]

1. c4 Nf6 2. Nc3 d5 3. cxd5 Nxd5 4. g3 e6 5. Bg2 Be7 6. d4 0-0 7. Nxd5 exd5 8. Nf3 c6 9. 0-0 Bf5 10. a3 a5 11. Bd2 Qb6 12. Qc1 Nd7 13. Qc3 a4 14. Nh4 Be6 15. b3 Qxb3 16. Qxb3 axb3 17. Rfb1 b5 18. Rxb3 Nb6 19. Bb4 Rfe8 20. Nf3 f6 21. Nd2 Bf5 22. e3 Ra6 23. Bxe7 Rxe7 24. Rc3 Nc4 25. Nxc4 bxc4 26. Bf1 Rb7 27. Be2 Ra5 28. Bd1 Rb2 29. a4 Kf7 30. h4 Bd3 31. Kg2 Ke6 32. g4 h6 33. Kg3 g5 34. h5 Kd6 35. Rac1 Ra7 36. Ra3 Ra5 37. Rac3 Kc7 38. f3 Ra8 39. e4 Re8 40. exd5 Be2 41. dxc6 Kxc6 42. Bxe2 Rexe2 43. Rxc4+ Kd5 44. Rc5+ Kxd4 45. R5c4+ 1/2-1/2

[Event "GER-chT U12"]
[Site "Muenchen"]
[Date "2022.12.28"]
[Round "3"]
[White "Arne, Jonas"]
[Black "Xu, Wanghan"]
[Result "0-1"]
[WhiteElo "1394"]
[BlackElo "1275"]
[PlyCount "114"]
[EventDate "2022.12.26"]
[EventType "team-swiss"]
[EventRounds "7"]
[EventCountry "GER"]
[SourceTitle "CBM 212 Extra"]
[Source "ChessBase"]
[SourceDate "2023.03.31"]
[SourceVersion "1"]
[SourceVersionDate "2023.03.31"]
[SourceQuality "1"]
[WhiteTeam "Kaiserslautern"]
[BlackTeam "Dresden Striesen"]
[WhiteTeamCountry "GER"]
[BlackTeamCountry "GER"]

1. e4 e5 2. d4 exd4 3. c3 dxc3 4. Bc4 Nc6 5. Nf3 d6 6. Nxc3 Bg4 7. Be2 h6 8. Nd4 Bxe2 9. Ncxe2 Nxd4 10. Qxd4 Nf6 11. b3 Be7 12. Bb2 c5 13. Qd3 a6 14. 0-0 Qd7 15. Rfd1 Rd8 16. Nf4 0-0 17. Rac1 Qg4 18. Nd5 Nxd5 19. Qxd5 b5 20. Rd3 Qe6 21. Qb7 Ra8 22. f4 Bf6 23. f5 Qe7 24. Qxe7 Bxe7 25. Rg3 f6 26. Rg6 Kh7 27. Rc3 Rf7 28. Rh3 a5 29. a3 Bf8 30. Kf2 Rc8 31. g4 Re8 32. Re3 a4 33. b4 cxb4 34. axb4 Rc8 35. Ba3 Rfc7 36. Rd3 Rc3 37. Rxc3 Rxc3 38. Bb2 Rc2+ 39. Ke3 Rxb2 40. e5 dxe5 41. h4 a3 42. g5 a2 43. gxh6 a1Q 44. hxg7 Bxg7 45. h5 Qa3+ 46. Ke4 Rxb4+ 47. Kd5 Qd3+ 48. Ke6 Rf4 49. h6 Qxf5+ 50. Ke7 Qxg6 51. hxg7 Qxg7+ 52. Ke6 Ra4 53. Kd5 e4 54. Ke6 Qg5 55. Kd6 Ra6+ 56. Kc7 Qg7+ 57. Kb8 Re6 0-1

[Event "GER-chT U12"]
[Site "Muenchen"]
[Date "2022.12.27"]
[Round "1"]
[White "Arne, Jonas"]
[Black "Spielvogel, Oliver"]
[Result "1-0"]
[WhiteElo "1394"]
[BlackElo "1312"]
[PlyCount "29"]
[EventDate "2022.12.26"]
[EventType "team-swiss"]
[EventRounds "7"]
[EventCountry "GER"]
[SourceTitle "CBM 212 Extra"]
[Source "ChessBase"]
[SourceDate "2023.03.31"]
[SourceVersion "1"]
[SourceVersionDate "2023.03.31"]
[SourceQuality "1"]
[WhiteTeam "Kaiserslautern"]
[BlackTeam "Barnim Schachfreunde"]
[WhiteTeamCountry "GER"]
[BlackTeamCountry "GER"]

1. e4 d5 2. exd5 Qxd5 3. Nc3 Qa5 4. d4 c6 5. Nf3 Qc7 6. d5 cxd5 7. Nxd5 Qd6 8. Bf4 Qd7 9. Nc7+ Kd8 10. Nxa8 f6 11. Bxb8 e5 12. Qxd7+ Bxd7 13. 0-0-0 Kc8 14. Bc7 Bg4 15. Rd8# 1-0

[Event "GER-chT U10"]
[Site "Magdeburg"]
[Date "2021.08.06"]
[Round "2.4"]
[White "Arne, Jonas"]
[Black "Malinowsky, Levi"]
[Result "0-1"]
[WhiteElo "1205"]
[BlackElo "1593"]
[PlyCount "50"]
[EventDate "2021.08.06"]
[EventType "team-swiss"]
[EventRounds "7"]
[EventCountry "GER"]
[SourceTitle "EXT 2022"]
[Source "ChessBase"]
[SourceDate "2021.10.06"]
[SourceVersion "1"]
[SourceVersionDate "2021.10.06"]
[SourceQuality "1"]
[WhiteTeam "Bann"]
[BlackTeam "Kiel Doppelbauer"]
[WhiteTeamCountry "GER"]
[BlackTeamCountry "GER"]

1. d4 Nf6 2. Nf3 g6 3. g3 Bg7 4. Bg2 0-0 5. 0-0 d6 6. c4 Nbd7 7. Nc3 h6 8. Bd2 e5 9. dxe5 dxe5 10. Be3 c6 11. Qc2 Qe7 12. Rad1 Nc5 13. b4 Na6 14. a3 Ng4 15. Qc1 Nxe3 16. Qxe3 f5 17. Qd3 e4 18. Qc2 exf3 19. Bxf3 Be6 20. c5 Rad8 21. Na4 Qf7 22. Qc1 Rxd1 23. Rxd1 Bb3 24. Rd2 Bxa4 25. Rd6 Be5 0-1

[Event "GER-chT School WK GS"]
[Site "Playchess.com INT"]
[Date "2020.06.18"]
[Round "6.1"]
[White "Kutz, Ida Klara"]
[Black "Arne, Jonas"]
[Result "1/2-1/2"]
[WhiteElo "1768"]
[BlackElo "1640"]
[PlyCount "112"]
[EventDate "2020.06.11"]
[EventType "team-swiss (blitz)"]
[EventRounds "7"]
[EventCountry "GER"]
[SourceTitle "EXT 2021"]
[Source "ChessBase"]
[SourceDate "2020.10.23"]
[SourceVersion "1"]
[SourceVersionDate "2020.10.23"]
[SourceQuality "1"]
[WhiteTeam "Lauerholz SHO"]
[BlackTeam "Pestalozzi RP"]
[WhiteTeamCountry "GER"]
[BlackTeamCountry "GER"]

1. e4 d6 2. d4 Nf6 3. Nc3 g6 4. Nf3 Bg7 5. e5 dxe5 6. dxe5 Qxd1+ 7. Nxd1 Nd5 8. Ne3 Nb4 9. Bc4 N4c6 10. Ng5 0-0 11. 0-0 Nxe5 12. Bd5 Nbc6 13. Re1 Nd4 14. c3 Nf5 15. Nxf5 Bxf5 16. Bf4 Nd3 17. Rxe7 Nxf4 18. Bxf7+ Kh8 19. Rxc7 Rad8 20. Re1 Rd7 21. Rxd7 Bxd7 22. Re7 Bc6 23. g3 Nd5 24. Bxd5 Bxd5 25. b3 Kg8 26. c4 Bc6 27. Ne6 Rf7 28. Rxf7 Kxf7 29. Ng5+ Ke7 30. Nxh7 Bf6 31. Nxf6 Kxf6 32. Kf1 Be4 33. Ke2 Bb1 34. Kd2 Bxa2 35. Kc3 Bb1 36. f3 Bf5 37. g4 Be6 38. h4 Ke5 39. Kd3 Kf4 40. h5 gxh5 41. gxh5 Kxf3 42. h6 Kf4 43. Kd4 Bg8 44. Kc5 Ke5 45. b4 Bh7 46. b5 Bg8 47. b6 a6 48. Kb4 Kd6 49. c5+ Kc6 50. Ka5 Kxc5 51. Ka4 Kc4 52. Ka5 Bh7 53. Ka4 Kc5 54. Ka5 Bg8 55. Ka4 Bh7 56. Ka5 Bg8 1/2-1/2

[Event "GER-chT School WK GS"]
[Site "Playchess.com INT"]
[Date "2020.06.11"]
[Round "2.1"]
[White "Fischer, Lorenz"]
[Black "Arne, Jonas"]
[Result "0-1"]
[WhiteElo "1787"]
[BlackElo "1640"]
[PlyCount "82"]
[EventDate "2020.06.11"]
[EventType "team-swiss (blitz)"]
[EventRounds "7"]
[EventCountry "GER"]
[SourceTitle "EXT 2021"]
[Source "ChessBase"]
[SourceDate "2020.10.23"]
[SourceVersion "1"]
[SourceVersionDate "2020.10.23"]
[SourceQuality "1"]
[WhiteTeam "Tegernsee"]
[BlackTeam "Pestalozzi RP"]
[WhiteTeamCountry "GER"]
[BlackTeamCountry "GER"]

1. e4 d6 2. d4 Nf6 3. Nc3 g6 4. Nf3 Bg7 5. Bd3 Bg4 6. 0-0 Nc6 7. Bb5 0-0 8. Bg5 a6 9. Bxc6 bxc6 10. e5 Nd7 11. exd6 cxd6 12. h3 Bxf3 13. Qxf3 Qc7 14. Bxe7 Rfe8 15. Bg5 Bxd4 16. Rfe1 Bg7 17. Re7 Rxe7 18. Bxe7 Re8 19. Bg5 Ne5 20. Qe3 Re6 21. Qf4 Qb6 22. Rb1 d5 23. Na4 Qb5 24. c3 Nc4 25. b3 h6 26. Bxh6 Bxh6 27. Qxh6 Nd6 28. Qf4 Ne4 29. f3 Nxc3 30. Nxc3 Qc5+ 31. Kh2 Qxc3 32. Rc1 Qf6 33. Qb8+ Kg7 34. Qb6 Qf5 35. Rxc6 Qf4+ 36. g3 Qd2+ 37. Kh1 Re1+ 38. Qg1 Rxg1+ 39. Kxg1 d4 40. Rxa6 d3 41. Kf1 Qe2+ 0-1